000 00316nam a2200133Ia 4500
005 20251222144852.0
008 251222s9999||||xx |||||||||||||| ||spa||
020 _a978-968-18-1953-8
082 _a664.02/C525
100 _aCharley, Helen
245 0 _aTecnologĂ­a de Alimentos:
264 _bLimusa
942 _cLIB
999 _c21636
_d21636